000 00596nam a22002177a 4500
003 UA-OsUOA
001 73897
007 ta
008 20110321b un ||||| |||| 00| 0 ukr d
100 _aЄрмакович С.
090 _a330(477)
_bЕ99
942 _cSA
040 _aUA-OsUOA
_bukr
_cUA-OsUOA
_dUA-OsUOA
245 _aМеханізм фінансування пенсійних виплат
300 _aС.6
955 _a0
041 _aukr
080 _a330(477)
773 0 _w73896
_tУкраїна- business
_dК.
_d2011
_g11
650 7 _a330 Економіка взагалі
_2UDC
999 _c360184
_d360184